Khoa học xã hội và nhân văn = Journal of social sciences and humanities
Gorde:
| Formatua: | Liburua |
|---|---|
| Hizkuntza: | Undetermined |
| Argitaratua: |
Ha Noi
University of social sciences and humanities
2019
|
| Gaiak: | |
| Etiketak: |
Etiketa erantsi
Etiketarik gabe, Izan zaitez lehena erregistro honi etiketa jartzen!
|
| Thư viện lưu trữ: | Trung tâm Học liệu Trường Đại học Cần Thơ |
|---|
| LEADER | 00568nam a2200181Ia 4500 | ||
|---|---|---|---|
| 001 | CTU_233199 | ||
| 008 | 210402s9999 xx 000 0 und d | ||
| 082 | |a 300 | ||
| 082 | |b Kh401 | ||
| 245 | 0 | |a Khoa học xã hội và nhân văn = | |
| 245 | 0 | |b Journal of social sciences and humanities | |
| 245 | 0 | |c University of social sciences and humanities | |
| 260 | |a Ha Noi | ||
| 260 | |b University of social sciences and humanities | ||
| 260 | |c 2019 | ||
| 650 | |a Sience,Humanitie | ||
| 904 | |i T.Trang | ||
| 980 | |a Trung tâm Học liệu Trường Đại học Cần Thơ | ||